Principles of political economy (Record no. 552004)
[ view plain ]
| 000 -LEADER | |
|---|---|
| fixed length control field | 00978cam a2200205Ka 4500 |
| 082 ## - DEWEY DECIMAL CLASSIFICATION NUMBER | |
| Classification number | 330 |
| Author Mark | MIL |
| 100 1# - MAIN ENTRY--PERSONAL NAME | |
| Personal name | Mill, John Stuart, |
| 9 (RLIN) | 49186 |
| 245 10 - TITLE STATEMENT | |
| Title | Principles of political economy |
| Remainder of title | with some of their applications to social philosophy / |
| Statement of responsibility, etc. | by John Stuart Mill ; edited with an introduction by W.J. Ashley. |
| 250 ## - EDITION STATEMENT | |
| Edition statement | New impression. |
| 260 ## - PUBLICATION, DISTRIBUTION, ETC. | |
| Place of publication, distribution, etc. | London ; |
| -- | New York : |
| Name of publisher, distributor, etc. | Longmans, Green, |
| Date of publication, distribution, etc. | 1915. |
| 300 ## - PHYSICAL DESCRIPTION | |
| Extent | 1013 p. ; |
| 500 ## - GENERAL NOTE | |
| General note | "New edition ... edited by W.J. ashley November 1909; Reprinted January 1915"--T.p. verso. |
| 500 ## - GENERAL NOTE | |
| General note | "The present edition, with the exception of a few verbal corrections, corresponds exactly with the last Library edition and with the People's edition"--Pref. to the 7th (1871) ed. |
| 526 ## - STUDY PROGRAM INFORMATION NOTE | |
| Program name | 0 |
| Interest level | 0 |
| Reading level | 0 |
| Title point value | 330_000000000000000_MIL |
| 526 ## - STUDY PROGRAM INFORMATION NOTE | |
| Program name | 0 |
| Interest level | 0 |
| Reading level | 0 |
| Title point value | 330_000000000000000_MIL |
| 650 #0 - SUBJECT ADDED ENTRY--TOPICAL TERM | |
| Topical term or geographic name entry element | MCE |
| 9 (RLIN) | 379 |
| 700 1# - ADDED ENTRY--PERSONAL NAME | |
| Personal name | Ashley, W. J. |
| 9 (RLIN) | 49187 |
| 856 40 - ELECTRONIC LOCATION AND ACCESS | |
| Uniform Resource Identifier | <a href="http://catalog.hathitrust.org/api/volumes/oclc/5278367.html">http://catalog.hathitrust.org/api/volumes/oclc/5278367.html</a> |
| 942 ## - ADDED ENTRY ELEMENTS (KOHA) | |
| Source of classification or shelving scheme | |
| Koha item type | Book |
| Withdrawn status | Lost status | Source of classification or shelving scheme | Damaged status | Not for loan | Permanent Location | Current Location | Date acquired | Total Checkouts | Full call number | Barcode | Date last seen | Price effective from | Koha item type |
|---|---|---|---|---|---|---|---|---|---|---|---|---|---|
| Military College of Engineering (MCE) | Military College of Engineering (MCE) | 01/05/2015 | 330 MIL | MCE-ECP.6 | 01/05/2015 | 01/05/2015 | Book | ||||||
| Military College of Engineering (MCE) | Military College of Engineering (MCE) | 01/05/2015 | 330 MIL | 01/05/2015 | 01/05/2015 | Book |
